000 00245nam a2200097Ia 4500
008 190216s9999||||xx |||||||||||||| ||und||
100 _aBankim Chandra Chatterjee
245 0 _aHindi-Visha Vriksh
260 _bMac Millian And Com. Ltd
942 _cBK
999 _c18517
_d18517